Startformationen der DFB-Pokal-Sieger 2010 - 2019 - Statistiken

Allgemein
  • Dieses Quiz wurde 699 mal gespielt
  • Das Durchschnittsergebnis liegt bei 87 aus 120
Antwortstatistiken
Jahr: Sieger Position Nationalität Name % Korrekt
2011: FC Schalke 04 TW GER Manuel Neuer
99%
2013: FC Bayern München TW GER Manuel Neuer
99%
2014: FC Bayern München TW GER Manuel Neuer
99%
2016: FC Bayern München TW GER Manuel Neuer
99%
2019: FC Bayern München TW GER Manuel Neuer
99%
2013: FC Bayern München V GER Jérôme Boateng
96%
2014: FC Bayern München V GER Jérôme Boateng
96%
2016: FC Bayern München V GER Jérôme Boateng
96%
2018: Eintracht Frankfurt ST GHA Kevin-Prince Boateng
96%
2012: Borussia Dortmund ST POL Robert Lewandowski
96%
2016: FC Bayern München ST POL Robert Lewandowski
96%
2019: FC Bayern München ST POL Robert Lewandowski
96%
2013: FC Bayern München V AUT David Alaba
95%
2016: FC Bayern München V AUT David Alaba
95%
2019: FC Bayern München V AUT David Alaba
95%
2012: Borussia Dortmund V GER Mats Hummels
95%
2019: FC Bayern München V GER Mats Hummels
95%
2010: FC Bayern München MF GER Thomas Müller
94%
2013: FC Bayern München MF GER Thomas Müller
94%
2014: FC Bayern München MF GER Thomas Müller
94%
2016: FC Bayern München MF GER Thomas Müller
94%
2019: FC Bayern München MF GER Thomas Müller
94%
2010: FC Bayern München MF NED Arjen Robben
93%
2013: FC Bayern München MF NED Arjen Robben
93%
2014: FC Bayern München ST NED Arjen Robben
93%
2010: FC Bayern München MF FRA Franck Ribéry
93%
2013: FC Bayern München MF FRA Franck Ribéry
93%
2016: FC Bayern München MF FRA Franck Ribery
93%
2018: Eintracht Frankfurt Trainer CRO Niko Kovač
91%
2019: FC Bayern München Trainer CRO Niko Kovač
91%
2010: FC Bayern München V GER Philipp Lahm
91%
2013: FC Bayern München V GER Philipp Lahm
91%
2014: FC Bayern München MF GER Philipp Lahm
91%
2016: FC Bayern München V GER Philipp Lahm
91%
2014: FC Bayern München Trainer ESP Pep Guardiola
90%
2016: FC Bayern München Trainer ESP Pep Guardiola
90%
2013: FC Bayern München MF ESP Javi Martínez
89%
2014: FC Bayern München V ESP Javi Martínez
89%
2019: FC Bayern München MF ESP Javi Martínez
89%
2012: Borussia Dortmund Trainer GER Jürgen Klopp
88%
2012: Borussia Dortmund TW GER Roman Weidenfeller
88%
2017: Borussia Dortmund ST GAB Pierre-Emerick Aubameyang
87%
2012: Borussia Dortmund MF JAP Shinji Kagawa
87%
2017: Borussia Dortmund MF JAP Shinji Kagawa
87%
2010: FC Bayern München MF GER Bastian Schweinsteiger
86%
2013: FC Bayern München MF GER Bastian Schweinsteiger
86%
2019: FC Bayern München MF FRA Kingsley Coman
86%
2017: Borussia Dortmund ST GER Marco Reus
86%
2017: Borussia Dortmund TW SUI Roman Bürki
86%
2016: FC Bayern München MF ESP Thiago
86%
2019: FC Bayern München MF ESP Thiago
86%
2013: FC Bayern München Trainer GER Jupp Heynckes
84%
2010: FC Bayern München Trainer NED Louis van Gaal
82%
2010: FC Bayern München V BEL Daniel van Buyten
81%
2013: FC Bayern München V BEL Daniel van Buyten
81%
2014: FC Bayern München V BRA Dante
81%
2016: FC Bayern München V GER Joshua Kimmich
81%
2019: FC Bayern München V GER Joshua Kimmich
81%
2018: Eintracht Frankfurt TW FIN Lukáš Hrádecký
81%
2013: FC Bayern München ST GER Mario Gómez
80%
2019: FC Bayern München V GER Niklas Süle
80%
2017: Borussia Dortmund Trainer GER Thomas Tuchel
80%
2016: FC Bayern München MF CHI Arturo Vidal
79%
2014: FC Bayern München MF GER Mario Götze
79%
2011: FC Schalke 04 ST ESP Raúl
79%
2012: Borussia Dortmund V SRB Neven Subotić
78%
2017: Borussia Dortmund V GRE Sokratis
78%
2011: FC Schalke 04 ST NED Klaas-Jan Huntelaar
77%
2019: FC Bayern München MF GER Serge Gnabry
77%
2010: FC Bayern München TW GER Hans-Jörg Butt
76%
2015: VfL Wolfsburg MF BEL Kevin de Bruyne
76%
2018: Eintracht Frankfurt MF CRO Ante Rebić
75%
2010: FC Bayern München ST CRO Ivica Olić
75%
2018: Eintracht Frankfurt V GER Danny da Costa
72%
2012: Borussia Dortmund V GER Marcel Schmelzer
72%
2017: Borussia Dortmund V GER Marcel Schmelzer
72%
2016: FC Bayern München MF BRA Douglas Costa
71%
2017: Borussia Dortmund MF POR Raphaël Guerreiro
71%
2015: VfL Wolfsburg TW SUI Diego Benaglio
70%
2011: FC Schalke 04 MF GER Julian Draxler
70%
2012: Borussia Dortmund V POL Łukasz Piszczek
68%
2017: Borussia Dortmund MF POL Łukasz Piszczek
68%
2018: Eintracht Frankfurt MF JAP Makoto Hasebe
68%
2010: FC Bayern München MF NED Mark van Bommel
68%
2010: FC Bayern München V ARG Martin Demichelis
67%
2017: Borussia Dortmund MF FRA Ousmane Dembélé
64%
2011: FC Schalke 04 MF PER Jefferson Farfán
62%
2011: FC Schalke 04 V GER Benedikt Höwedes
61%
2014: FC Bayern München MF DEN Pierre Emile Højbjerg
59%
2015: VfL Wolfsburg V SUI Ricardo Rodríguez
58%
2012: Borussia Dortmund MF POL Jakub Błaszczykowski
57%
2017: Borussia Dortmund V ESP Marc Bartra
57%
2012: Borussia Dortmund MF GER Kevin Großkreutz
56%
2015: VfL Wolfsburg MF BRA Luiz Gustavo
56%
2015: VfL Wolfsburg MF GER Maximilian Arnold
56%
2012: Borussia Dortmund MF GER Sebastian Kehl
56%
2014: FC Bayern München MF GER Toni Kroos
54%
2018: Eintracht Frankfurt V ARG David Abraham
53%
2015: VfL Wolfsburg ST NED Bas Dost
52%
2012: Borussia Dortmund MF GER İlkay Gündoğan
50%
2015: VfL Wolfsburg MF CRO Ivan Perišić
50%
2015: VfL Wolfsburg V BRA Naldo
50%
2015: VfL Wolfsburg Trainer GER Dieter Hecking
49%
2010: FC Bayern München V GER Holger Badstuber
49%
2014: FC Bayern München MF BRA Rafinha
43%
2011: FC Schalke 04 Trainer GER Ralf Rangnick
40%
2011: FC Schalke 04 V GRE Kyriakos Papadopoulos
37%
2015: VfL Wolfsburg V SUI Timm Klose
34%
2011: FC Schalke 04 V GHA Hans Sarpei
32%
2011: FC Schalke 04 MF ESP José Manuel Jurado
32%
2018: Eintracht Frankfurt V NED Jetro Willems
28%
2018: Eintracht Frankfurt MF ESP Omar Mascarell
25%
2015: VfL Wolfsburg V POR Vieirinha
21%
2018: Eintracht Frankfurt MF NED Jonathan de Guzmán
20%
2011: FC Schalke 04 V GER Christoph Metzelder
19%
2018: Eintracht Frankfurt V MEX Carlos Salcedo
15%
2018: Eintracht Frankfurt MF GER Marius Wolf
15%
2017: Borussia Dortmund MF GER Matthias Ginter
14%
2011: FC Schalke 04 MF GER Peer Kluge
9%
2015: VfL Wolfsburg MF GER Daniel Caligiuri
8%
Keine übereinstimmenden Quizze gefunden
Verteilung der Resultate
Anzahl Personen mit jedem Resultat
Perzentil nach korrekt beantworteten Fragen
Ihre Resultats-Entwicklung
Sie haben dieses Quiz noch nicht gespielt